LEADER 01241nam a2200301 u 4500 001 000000044374 003 CaOOAMICUS 005 20070226114537.0 008 990426s1984 it u000 u ita u 020 $a8815005242 035 $a10821333 040 $aPUL(R)$bita 100 1 $aGarelli, Franco,$d1945-$0(OLS)http://pul/name/7116 245 13$aLa generazione della vita quotidiana :$bi giovani in una società differenziata /$cFranco Garelli. 260 $aBologna :$bIl Mulino,$c1984. 300 $a329 p. ;$c21 cm 490 1 $aStudi e ricerche ;$v180 500 $aContiene indici. 504 $aBibliografia in nota. 650 4$aGiovani.$0(OLS)http://pul/subject/10127 830 0$aStudi e ricerche (Il Mulino) ;$v180.$0(OLS)http://pul/title/1250 850 $aPUL 852 $aPUL$W1$xDP1 Cons. Gen., Altre Classi 1$y22$m43 C 128$j59732$nBK-PRI$b $qStampati$B59732$CPULBib$Z2$F59732 $H $81 941 1 $a8 961 $aINV: 58797 996 $6020$a8815005242$9(OLS)http://pul/number/55309 996 $6245$aLa generazione della vita quotidiana :$bi giovani in una società differenziata$9(OLS)http://pul/title/59811 996 $6260$aBologna :$bIl Mulino$9(OLS)http://pul/publisher/47928 LEADER 01093nam a2200289 a 4500 001 000000144636 003 CaOOAMICUS 005 20150706150224.0 008 150706s1972 it u000 u ita r 040 $aPUL$bita 041 1 $aita$hfre 100 1 $aDupont, Jacques,$cO.S.B.,$d1915-$0(OLS)http://pul/name/3334 240 10$aBéatitudes.$lItaliano.$0(OLS)http://pul/title/182961 245 13$aLe beatitudini /$cJacques Dupont. 260 $aRoma :$bEdizioni Paoline,$c1972. 300 $a1212 p. ;$c19 cm 490 1 $aParola di Dio ;$v07 504 $aBibliografia in nota. 650 4$aBeatitudini evangeliche.$0(OLS)http://pul/subject/12902 830 0$aParola di Dio ;$v07.$0(OLS)http://pul/title/44574 850 $aPUL 852 $aPUL$W1$xDP1 Fondo S. Lanza$y121$m3 H 92.7$j166943$qFondi$B167532$CPULBib$Z2$F167532 $HLan1029 $82 941 1 $a1 961 $aNota ms. di possesso: Sergio Lanza 996 $6245$aLe beatitudini$9(OLS)http://pul/title/182962 996 $6260$aRoma :$bEdizioni Paoline$9(OLS)http://pul/publisher/47933